000 00966nam a2200265Ia 4500
003 OSt
005 20220923211013.0
006 a|||||r|||| 00| 0
007 ta
008 220922b |||||||| |||| 00| 0 hin d
020 _a817055277X (hbk)
_c295
024 _a242,140
037 _b485, 02/03/2010, Vani Prakashan
_cTextual
040 _aARTS
_cARTS
_bhin
041 _2hin
_ahin
082 _aO1511v, 152P6
100 _aसांकृत्यायन, राहुल
_9157060
245 0 _aपालि साहित्य का इतिहास
246 _aPāli sāhitya kā itihāsa
260 _aनयी दिल्ली
_b वाणी प्रकाशन
_c2006
300 _a309पृ.
_ccm.
650 _aसंस्कृत साहित्य
_9157061
942 _hO1511v, 152P6
_cTEXL
_2CC
999 _c293793
_d293793